000 01018nam a22002897a 4500
001 0011529
003 KOHA_MİRAKIL
005 20260207001820.0
007 ta
008 091120b2004 tu |||grt|||#0|||0|tur |
020 _a9755332944
_c9,75
040 _aTR-BiSEU
_btur
_cTR-BiSEU
_erda
041 0 _atur
044 _ctu
050 _aGR280
_b.O86 2004
111 2 _aOsmanli Devleti'nin Kuruluşu : Efsaneler ve Gerçekler (1999 : Ankara, Turkey)
_928102
245 1 _aOsmanlı Devleti'nin kuruluşu :
_befsaneler ve gerçekler :
_btartışma/panel bildirileri Ankara 19 Mart 1999/
_ceditörler Ahmet Yaşar Ocak , İlber Ortaylı ...[ ve bşk.] .
264 1 _aAnkara :
_bİmge Kitabevi
_c2004
300 _a113 sayfa
336 _ametin
_btxt
_2rdacontent
337 _aaracısız
_bn
_2rdamedia
338 _acilt
_bnc
_2rdacarrier
650 0 _aLegends--Turkey--History and criticism--Congresses.
_928103
650 0 _aTurkey--History 1288-1453--Congresses.
_928104
907 _aBildiri
942 _2lcc
_cBK
999 _c11498
_d11498